| 000 | 00454cam a22001337a 4500 | ||
|---|---|---|---|
| 008 | 180718b1986 xxu||||| |||| 00| 0 eng d | ||
| 082 | _aA99 R213 C719 | ||
| 100 | _aColquhoun, Robert | ||
| 245 |
_aRaymond Aron _cby Robert Colquhoun |
||
| 260 |
_aLondon _bSage _c1986 |
||
| 300 | _a2v. | ||
| 500 | _aContents: v.1. The philosophy in history 1905-1955; 1986; 540p.v.2. The sociologist in society 1955-1983; 1986; 680p. | ||
| 650 | _aAron, Raymond - 1905-1983 | ||
| 999 |
_c343200 _d343200 |
||